| 000 | 00465nam a2200193Ia 4500 | ||
|---|---|---|---|
| 005 | 20230812090644.0 | ||
| 008 | 131103s9999 xx 000 0 und d | ||
| 040 | _aLoreto College | ||
| 041 | _aEnglish | ||
| 082 |
_a920 _bTRA |
||
| 100 | _aTraver,Robert | ||
| 245 |
_aSmall Town D.A. _cRobert Traver |
||
| 260 |
_aLondon _bFaber and Faber _c1954 |
||
| 300 | _a253 p. | ||
| 650 | _aTraver,Robert | ||
| 651 | _aAutobiography | ||
| 850 | _aLCLIB | ||
| 942 | _cBK | ||
| 999 |
_c13952 _d64431 |
||